Һәр шеj халгын рифаһы үчүн, совет адамы үчүн (Запись № 13556836)

Подробности
000 -МАРКЕР
контрольное поле 01500nam0a2200241 4500
001 - ИДЕНТИФИКАТОР ЗАПИСИ
контрольное поле RU\NLR\BIBL_A\022739367
005 - ИДЕНТИФИКАТОР ВЕРСИИ
контрольное поле 20260308044822.0
035 ## - ДРУГИЕ СИСТЕМНЫЕ НОМЕРА
Идентификатор записи (NLR Aleph) 022739367
100 ## - ДАННЫЕ ОБЩЕЙ ОБРАБОТКИ
Данные общей обработки 20260227d1974 u y0rusy50 ca
101 0# - ЯЗЫК РЕСУРСА
Язык текста, звукозаписи и т.д. азербайджанский
102 ## - СТРАНА ПУБЛИКАЦИИ ИЛИ ПРОИЗВОДСТВА
Страна публикации Азербайджан
105 ## - ПОЛЕ КОДИРОВАННЫХ ДАННЫХ: ТЕКСТОВЫЕ МАТЕРИАЛЫ, МОНОГРАФИЧЕСКИЕ
Кодированные данные о монографическом текстовом документе y z 000 y
181 #0 - ПОЛЕ КОДИРОВАННЫХ ДАННЫХ: ВИД СОДЕРЖАНИЯ
Код вида содержания (ISBD) i
Код характеристики содержания (ISBD) axxe
182 #0 - ПОЛЕ КОДИРОВАННЫХ ДАННЫХ: ТИП СРЕДСТВА
Код типа средства (ISBD) n - непосредственное
200 1# - ЗАГЛАВИЕ И СВЕДЕНИЯ ОБ ОТВЕТСТВЕННОСТИ
Основное заглавие Һәр шеj халгын рифаһы үчүн, совет адамы үчүн
Сведения, относящиеся к заглавию Сов.ИКП МК-нын баш катиби Л. И. Брежнев jолдашын 1974-ҹү ил иjунун 14-дә Москва шәһәри Бауман сечки даирәсинин сечиҹиләри гаршысында нитгини өjрәнмәк үчүн методик төвсиjәләр
Первые сведения об ответственности АзКП МК С. М. Киров адына республика сиjаси маариф еви
Последующие сведения об ответственности ред. В. Мәммәдов
203 ## - ВИД СОДЕРЖАНИЯ И ТИП СРЕДСТВА
Вид содержания Текст
Дополнительные сведения об издании визуальный
Тип средства непосредственный
210 ## - ПУБЛИКАЦИЯ, РАСПРОСТРАНЕНИЕ И ДР.
Место издания, распространения и т.д. Бакы
Имя издателя, распространителя и т. д. Азәрнәшр
Дата издания, распространения и т.д. 1974
215 ## - ФИЗИЧЕСКАЯ ХАРАКТЕРИСТИКА
Специфическое обозначение материала и объем 38, [1] с.
Размеры 20
541 1# - ПЕРЕВОД ЗАГЛАВИЯ, СДЕЛАННЫЙ КАТАЛОГИЗАТОРОМ
Заглавие Все для блага народа, во имя советского человека
Сведения, относящиеся к заглавию Метод. разработки для изучения речи Генерального секретаря ЦК КПСС тов. Л. И. Брежнева перед избирателями Бауманского избирательного округа г. Москвы 14 июня 1974 г.
Язык заглавия русский
942 ## - ДОПОЛНИТЕЛЬНЫЕ ЭЛЕМЕНТЫ ЗАПИСИ (АБИС)
Тип экземпляра АБИС Неопределено
980 ## - КОЛЛЕКЦИЯ
Название коллекции Национальная библиография

Нет доступных экземпляров.